Technológia pre 3. a 4. ročník študijných odborov drevárskych /

Uložené v:
Podrobná bibliografia
Hlavní autori: Prokeš, Stanislav (Author), Novák, Vladimír (Author), Lancingerová, Mladěna (Author), Sochor, Milan (Author), Rybár, Peter (Author), Kubín, Juraj (Author), Moravec, Jiří (Author)
Ďalší autori: Duchoňová, Brigita (Translator)
Médium: Kniha
Jazyk:Slovak
Czech
Vydané: Bratislava : Alfa-press, 2005
Vydanie:3. vyd.
Témy:
ISBN: 808900489X (brož.)
Fyzický popis: 291 s. : il., sch. ; 21 cm
Tagy: Pridať tag
Žiadne tagy, Buďte prvý kto otaguje tento záznam!

MARC

LEADER 00000nam a2200000 a 4500
001 000014921
005 20051103092532.0
008 050914s2005 xr a e 000 0 sloo
020 |a 808900489X (brož.) 
040 |a SVKKK  |b slo  |c SVKKK  |e AACR2 
041 1 |a slo  |h cze 
044 |a xr  |c CZ 
072 7 |a 674  |x Drevo. Drevársky priemysel  |2 konspekt 
072 7 |a 37.016  |x Učebné osnovy. Vyučovacie predmety. Učebnice  |2 konspekt 
080 |a 674:005.71  |2 1997 
080 |a 674.03  |2 1997 
080 |a 674.02  |2 1997 
080 |a (075.3)  |2 1997 
240 1 0 |a Technologie I pro 2. ročník středních průmyslových škol dřevařských.  |l Slovensky 
245 0 0 |a Technológia pre 3. a 4. ročník študijných odborov drevárskych /  |c Stanislav Prokeš ... [et al.] ; [z českého originálu preložila Brigita Duchoňová] 
250 |a 3. vyd. 
260 |a Bratislava :  |b Alfa-press,  |c 2005 
300 |a 291 s. :  |b il., sch. ;  |c 21 cm 
500 |a Údaj o prekl. prevzatý z tiráže 
500 |a Celkove 5. vyd. 
650 0 7 |a drevársky priemysel  |2 SVKKKPH 
650 0 7 |a drevo  |2 SVKKKPH 
650 0 7 |a spracovanie dreva  |2 SVKKKPH 
655 7 |a učebnice stredných škôl  |2 SVKKKPH 
655 7 |a učebnice  |2 SVKKKPH 
700 1 |a Prokeš, Stanislav  |4 aut 
700 1 |a Novák, Vladimír  |4 aut 
700 1 |a Lancingerová, Mladěna  |4 aut 
700 1 |a Sochor, Milan  |4 aut 
700 1 |a Rybár, Peter  |4 aut 
700 1 |a Kubín, Juraj  |4 aut 
700 1 |a Moravec, Jiří  |4 aut 
700 1 |a Duchoňová, Brigita  |4 trl 
765 0 |a Prokeš, Stanislav  |t Technologie I pro 2. ročník středních průmyslových škol dřevařských 
919 |a 80-89004-89-X 
998 |a BK 
090 |g SCKHL  |k Sklad Pribinova 2. posch.  |a III.200434  |j 971318  |i 2720037800  |s Absenčne